NORMAN Database System: zber a vyhodnocovanie údajov o „emerging substances“v životnom prostredí

Gespeichert in:
Bibliographische Detailangaben
1. Verfasser: Čirka, Ľuboš (Verfasst von)
Weitere Verfasser: (Betreuung Doktorarbeit)
Format: Manuskript Buch
Sprache:Slowakisch
Veröffentlicht: 2024
Schlagworte:
Online-Zugang:http://is.stuba.sk/zp/portal_zp.pl?podrobnosti_zp=96698
Tags: Tag hinzufügen
Keine Tags, Fügen Sie das erste Tag hinzu!

MARC

LEADER 00000ntm a22000003a 4500
001 stuzp96698
003 SK-STU
005 20240824210452.0
007 ta
008 150427s2015----xo-----f-mn---000-0-slo-d
040 |a STU  |b slo 
041 0 |a slo 
100 1 |a Čirka, Ľuboš  |u 040906  |k Z1  |4 aut  |U FCHPT Dekanát  |T FCHPT Projektové stredisko  |X 101  |U 040906  |Y 693  |7 A000000101 
242 0 1 |a NORMAN Database System: Collection and Evaluation of Data on Emerging Substances in the Environment  |y eng 
245 1 0 |a NORMAN Database System: zber a vyhodnocovanie údajov o „emerging substances“v životnom prostredí 
260 |c 2024 
650 4 |a Databázový system  |2 slo 
650 4 |a databáza  |2 slo 
650 4 |a spracovanie údajov  |2 slo 
650 4 |a ekotoxicita  |2 slo 
650 4 |a Database system  |2 eng 
650 4 |a data processing  |2 eng 
650 4 |a ecotoxicity  |2 eng 
650 4 |a database  |2 eng 
700 1 |a ,  |4 ths  |X null  |7 null 
856 4 |u http://is.stuba.sk/zp/portal_zp.pl?podrobnosti_zp=96698